| 000 | 01684cam a2200337 a 4500 | ||
|---|---|---|---|
| 001 | 3542520 | ||
| 005 | 20080423092628.0 | ||
| 008 | 970416s1998 nyuab b 001 0 eng | ||
| 010 | _a 97015256 | ||
| 020 | _a0471173967 (cloth : acidfree paper) | ||
| 040 |
_aDLC _cDLC _dDLC |
||
| 050 | 0 | 0 |
_aTA1145 _b.W75 1998 |
| 082 | 0 | 0 |
_a629.04 _221 _bWRI |
| 100 | 1 | _aWright, Paul H. | |
| 245 | 1 | 0 |
_aTransportation engineering : _bPlanning and design / _cPaul H. Wright, Norman J. Ashford, Robert J., Robert J. Stammer. |
| 250 | _a4th ed. | ||
| 260 |
_aNew York : _bJ. Wiley, _cc1998. |
||
| 300 |
_aviii, 680 p. : _bill., maps ; _c26 cm. |
||
| 504 | _aIncludes bibliographical references and index. | ||
| 650 | 0 | _aTransportation engineering. | |
| 650 | 0 | _aCivil engineering. | |
| 700 | 1 | _aAshford, Norman. | |
| 700 | 1 | _aStammer, Robert. | |
| 856 | 4 | 2 |
_3Publisher description _uhttp://www.loc.gov/catdir/description/wiley031/97015256.html |
| 856 | 4 |
_3Table of Contents _uhttp://www.loc.gov/catdir/toc/onix01/97015256.html |
|
| 942 |
_2ddc _cBB |
||
| 999 |
_c11023 _d11023 |
||